000
00256nam a22001217a 4500
008
170801b xxu||||| |||| 00| 0 eng d
041
_a
eng
080
_a
004
100
_a
32
101
_a
SHKI
245
_a
CCNA VIRTUAL LAB
_c
LAMMLE, T
942
_2
udc
_c
BK
999
_c
22355
_d
22355